Genshin Alternate Outfits - Statistics

General Stats
  • This quiz has been taken 148 times
    67 since last reset
  • The average score is 17 of 20
Answer Stats
Hint Answer % Correct
Sea Breeze Dandelion Jean
98%
100% Outrider Amber
96%
Summertime Sparkle Barbara
96%
Red Dead of Night Diluc
96%
To The Church's Free Spirit Rosaria
93%
Ein Immernachtstraum Fischl
91%
Frostflower Dew Shenhe
88%
Sailwind Shadow Kaeya
86%
Pact of Stars and Moon Mona
86%
New Year's Cheer Xiangling
86%
Bamboo Rain Xingqiu
84%
Cherries Snow-Laden Hu Tao
82%
Phantom in Boots Kirara
81%
Breeze of Saba Nilou
81%
Orchid's Evening Gown Ningguang
81%
Twilight Blossom Ganyu
79%
Opulent Splendor Keqing
79%
A Sobriquet Under Shade Lisa
72%
Springbloom Missive Ayaka
70%
Blossoming Starlight Klee
70%
No matching quizzes found
Score Distribution
Percent of People with Each Score
Percentile by Number Answered
Your Score History
You have not taken this quiz since the last reset